000 01271cam a2200385Ii 4500
999 _c192
_d192
001 870991111
003 OCoLC
005 20190731102342.0
008 140224t20142012mnu 000 1 eng d
020 _a1467716243
020 _a9781467716246
035 _a(OCoLC)870991111
040 _aYDXCP
_cYDXCP
_dBDX
_erda
_dNYP
049 _aNYPP
082 _aFIC PER
091 _aFIC
100 1 _aPérez, Ashley Hope,
_eauthor.
245 1 0 _aKnife and the butterfly /
_cAshley Hope Perez.
264 1 _aMinneapolis :
_bCarolrhoda Lab,
_c[2014]
264 4 _c©2012.
300 _a210 pages ;
_c19 cm.
336 _atext
_2rdacontent.
337 _aunmediated
_2rdamedia.
338 _avolume
_2rdacarrier.
520 _aAfter a brawl with a rival gang, sixteen-year-old Azael, a member of Houston's MS-13 gang and the son of illegal Salvadoran immigrants, wakes up in an unusual juvenile detention center where he is forced to observe another inmate through a one-way mirror.
650 0 _aJuvenile delinquency
_vFiction.
650 0 _aJuvenile detention homes
_vFiction.
650 0 _aGangs
_vFiction.
650 0 _aSalvadoran Americans
_vFiction.
901 _ajmd
_bCATBL
901 _aMARS
942 _2ddc
_cFIC
945 _a.b202214916
946 _am